| 000 | 01796nam a22003137a 4500 | ||
|---|---|---|---|
| 001 | 1558 | ||
| 003 | FISKH | ||
| 005 | 20231002114244.0 | ||
| 008 | 230906b cb ||||| |||| 00| 0 khr d | ||
| 020 | _a9789996305603 | ||
| 040 |
_aFISKH _beng _cFISKH _dFISKH |
||
| 082 | _a613.71 | ||
| 100 | _aAnonymous | ||
| 245 | _aជុំវិញសុខភាព និងសុវត្ថិភាព / | ||
| 250 | _aបោះពុម្ពលើកទី៥ មករា ២០២២ | ||
| 260 |
_aPhnom Penh : _bSipar, _c2022. |
||
| 300 |
_a48 pages : _bcolor illustrations ; _c29 cm |
||
| 490 | _aបំនិនជីវិត | ||
| 505 | _aZ' | ||
| 520 | _aបង្ហាញពីគន្លឹះសំខាន់ៗ ក្នុងការរក្សាសុខភាព និងសុវត្ថិភាព រួមមាន ៖ អនាម័យម្ហូបអាហារ សុខភាពរាងកាយ សុខភាពផ្លូវចិត្ត វិធានការការពារជំងឺឆ្លង និងការការពារពីគ្រោះថ្នាក់ផ្សេងៗ ដែលកើតឡើងជាយថាហេតុ។ | ||
| 520 | _aHighlight the key to maintaining health and safety, including: hygiene, food, physical health, mental health, measures to prevent infectious diseases and prevention of various accidents that may occur. | ||
| 521 | 8 |
_a1120
_bLexile estimate |
|
| 521 | 8 |
_aZ'
_bRaz-Plus |
|
| 650 |
_aសុខភាព _vសុវត្ថិភាព _xអនាម័យ _yការការពារ |
||
| 650 |
_aHealth _vSafety _xHygiene _yProtection |
||
| 700 |
_aVisoth, Seng _eillustrator |
||
| 700 |
_aRatha, Ouk _eillustrator |
||
| 942 |
_2ddc _cBK _n0 |
||
| 999 |
_c1558 _d1558 |
||